<?xml version="1.0" encoding="UTF-8"?>
<record
    xmlns:xsi="http://www.w3.org/2001/XMLSchema-instance"
    xsi:schemaLocation="http://www.loc.gov/MARC21/slim http://www.loc.gov/standards/marcxml/schema/MARC21slim.xsd"
    xmlns="http://www.loc.gov/MARC21/slim">

  <leader>04827cam a22004934i 4500</leader>
  <controlfield tag="003">PE-LiUPU</controlfield>
  <controlfield tag="005">20250731165550.0</controlfield>
  <controlfield tag="008">150625s                r     000 0     d</controlfield>
  <datafield tag="035" ind1=" " ind2=" ">
    <subfield code="a">(Sirsi) a34431</subfield>
  </datafield>
  <datafield tag="035" ind1=" " ind2=" ">
    <subfield code="a">(Sirsi) a34431</subfield>
  </datafield>
  <datafield tag="040" ind1=" " ind2=" ">
    <subfield code="a">PE-LiUPU</subfield>
    <subfield code="b">spa</subfield>
    <subfield code="c">PE-LiUPU</subfield>
    <subfield code="e">rda</subfield>
  </datafield>
  <datafield tag="082" ind1="0" ind2="4">
    <subfield code="a">985.04</subfield>
    <subfield code="b">D</subfield>
    <subfield code="2">23</subfield>
  </datafield>
  <datafield tag="100" ind1="1" ind2=" ">
    <subfield code="a">Puente Candamo, Jos&#xE9; Agust&#xED;n de la,</subfield>
    <subfield code="e">autor.</subfield>
  </datafield>
  <datafield tag="245" ind1="1" ind2="0">
    <subfield code="a">Obra Gubernativa y Epistolario de San Mart&#xED;n :</subfield>
    <subfield code="n">Volumen 2. /</subfield>
    <subfield code="c">investigaci&#xF3;n y pr&#xF3;logo por Jos&#xE9; A. de la Puente Candamo.</subfield>
  </datafield>
  <datafield tag="264" ind1=" " ind2="1">
    <subfield code="a">Lima :</subfield>
    <subfield code="b">Comisi&#xF3;n Nacional del Sesquicentenario de la Independencia del Per&#xFA;,</subfield>
    <subfield code="c">1976.</subfield>
  </datafield>
  <datafield tag="300" ind1=" " ind2=" ">
    <subfield code="a">574 p&#xE1;ginas :</subfield>
    <subfield code="b">ilustraciones ;</subfield>
    <subfield code="c">25 cent&#xED;metros.</subfield>
  </datafield>
  <datafield tag="336" ind1=" " ind2=" ">
    <subfield code="a">text</subfield>
    <subfield code="2">rdacontent</subfield>
  </datafield>
  <datafield tag="337" ind1=" " ind2=" ">
    <subfield code="a">unmediated</subfield>
    <subfield code="2">rdamedia</subfield>
  </datafield>
  <datafield tag="338" ind1=" " ind2=" ">
    <subfield code="a">volume</subfield>
    <subfield code="2">rdacarrier</subfield>
  </datafield>
  <datafield tag="490" ind1="0" ind2=" ">
    <subfield code="a">Colecci&#xF3;n Documental de la Independencia del Per&#xFA; ;</subfield>
    <subfield code="v">13</subfield>
  </datafield>
  <datafield tag="500" ind1=" " ind2=" ">
    <subfield code="a">"A&#xF1;o de la producci&#xF3;n"</subfield>
  </datafield>
  <datafield tag="505" ind1="0" ind2=" ">
    <subfield code="a">Manifiesto de las sesiones tenidas en cl pueblo de Miraflores para las transacciones de la paz; y documentos presentados por parte de los comisionados en ellas publicadas de orden de este gobierno -- Manifiesto del Excelent&#xED;sino Ayuntamiento de esta Capital sobre los derechos del pueblo en la pr&#xF3;xima elecci&#xF3;n de alcaldes, regidores y procuradores s&#xED;ndicos -- Manifiesto y documentos de las Negociaciones de Punchauca entre los diputados de los Excmos. Se&#xF1;ores Generales Don Jos&#xE9; de San Mart&#xED;n y Don Jos&#xE9; de la Serna a consecuencia de la legada del Capit&#xE1;n de Fragata Don Manuel Abreu, comisionado pacificador de la corte de Espa&#xF1;a -- La Conferencia de Punchauca. Testimonio de Tom&#xE1;s Guido -- La Municipalidad de Huamachuco alienta a los patriotas comunicando el Armisticio de Punchauca: 1821 -- La Conferencia de Guayaquil -- La Entrevista de Guayaquil. Relaci&#xF3;n del primer edec&#xE1;n Rufino Guido -- Testimonio de Rufino Guido que recibi&#xF3; Ger&#xF3;nimo Espejo -- Testimonios de 1822 sobre negociaciones con los espa&#xF1;oles -- Exposici&#xF3;n que hace un peruano al Virrey La Serna acerca del verdadero estado pol&#xED;tico de la Am&#xE9;rica en la presente &#xE9;poca -- Deposici&#xF3;n de Monteagudo. Lima Justificada en el suceso del 25 de julio. Impreso, de orden de la Ilustr&#xED;sima Municipalidad. Lima: A&#xF1;o de 1822: Por D. Manuel del R&#xED;o -- Papeles relativos a la deposici&#xF3;n de Monteagudo -- Exposici&#xF3;n de las Tareas administrativas del gobierno desde su instalaci&#xF3;n hasta el 15 de julio de 1822, presentada al Consejo por el Ministro de Estado y Relaciones Exteriores Don Bernardo Monteagudo, en cumplimiento del Decreto Protectoral del 18 de enero. Lima, 1822. Imprenta de D. Manuel del R&#xED;o -- Bernardo Monteagudo. Memoria sobre los principios pol&#xED;ticos que segu&#xED; en la administraci&#xF3;n del Per&#xFA; y acontecimientos posteriores a mi separaci&#xF3;n Instalaci&#xF3;n del Congreso -- La verdad demostrada por si -- Impugnaci&#xF3;n al art&#xED;culo inserto contra el Fundador de la Libertad del Per&#xFA;, y los jefes de su ej&#xE9;rcito en el n&#xFA;mero 5 de la "Abeja Republicana" escrita y dedicada a &#xE9;stos por los amigos de la libertad -- Proclamas, &#xF3;rdenes, bandos -- Salutaci&#xF3;n que en las circunstancias actuales a nombre del pueblo de Lima hacen los verdaderos patriotas a su Libertador el Protector de la Libertad del Per&#xFA; al invicto General San Mart&#xED;n -- El General San Mart&#xED;n y las apelaciones de los sentenciados por los gobernadores de Partido; 1821 -- El cupo a particulares para la defensa realista de Lima: 1820 -- Papeles de Hacienda &#x2013; Varios -- Cuenta de los gastos que se han hecho en la casa de S.E. el Se&#xF1;or Protector desde el 1&#xB0; de junio de 1822 hasta el 30 del &#xFA;ltimo -- Cat&#xE1;logo de la Biblioteca que pose&#xED;a San Mart&#xED;n y que regal&#xF3; a la ciudad de Lima -- Gu&#xED;a de forasteros de Lima, corregida para el a&#xF1;o de 1822. Por el D.D. Jos&#xE9; Gregorio Paredes, Catedr&#xE1;tico de Prima de Matem&#xE1;ticas en la Universidad de S. Marcos, Cosm&#xF3;grafo Mayor del Per&#xFA;, 7: Miembro de la Sociedad Patri&#xF3;tica, Imprenta del Estado. Se vende en la Calle de Palacio -- Cesaci&#xF3;n del Gobierno espa&#xF1;ol en el Per&#xFA;. 1820.</subfield>
  </datafield>
  <datafield tag="526" ind1=" " ind2=" ">
    <subfield code="a">SEG44</subfield>
  </datafield>
  <datafield tag="526" ind1=" " ind2=" ">
    <subfield code="a">SEG26</subfield>
  </datafield>
  <datafield tag="526" ind1=" " ind2=" ">
    <subfield code="a">P151</subfield>
  </datafield>
  <datafield tag="526" ind1=" " ind2=" ">
    <subfield code="a">P150</subfield>
  </datafield>
  <datafield tag="526" ind1=" " ind2=" ">
    <subfield code="a">P149</subfield>
  </datafield>
  <datafield tag="526" ind1=" " ind2=" ">
    <subfield code="a">P146</subfield>
  </datafield>
  <datafield tag="526" ind1=" " ind2=" ">
    <subfield code="a">P145</subfield>
  </datafield>
  <datafield tag="526" ind1=" " ind2=" ">
    <subfield code="a">P126</subfield>
  </datafield>
  <datafield tag="526" ind1=" " ind2=" ">
    <subfield code="a">P125</subfield>
  </datafield>
  <datafield tag="526" ind1=" " ind2=" ">
    <subfield code="a">P92</subfield>
  </datafield>
  <datafield tag="526" ind1=" " ind2=" ">
    <subfield code="a">P75</subfield>
  </datafield>
  <datafield tag="526" ind1=" " ind2=" ">
    <subfield code="a">P74</subfield>
  </datafield>
  <datafield tag="526" ind1=" " ind2=" ">
    <subfield code="a">P27</subfield>
  </datafield>
  <datafield tag="526" ind1=" " ind2=" ">
    <subfield code="a">P15</subfield>
  </datafield>
  <datafield tag="600" ind1="1" ind2=" ">
    <subfield code="a">San Mart&#xED;n, Jos&#xE9; de.</subfield>
    <subfield code="d">1778-1850</subfield>
  </datafield>
  <datafield tag="651" ind1=" " ind2=" ">
    <subfield code="a">Per&#xFA;</subfield>
    <subfield code="x">Historia</subfield>
    <subfield code="y">Emancipaci&#xF3;n, 1808-1824</subfield>
    <subfield code="v">Documentos.</subfield>
  </datafield>
  <datafield tag="710" ind1=" " ind2=" ">
    <subfield code="a">Comisi&#xF3;n Nacional del Sesquicentenario de la Independencia del Per&#xFA;.</subfield>
    <subfield code="9">1045</subfield>
  </datafield>
  <datafield tag="942" ind1=" " ind2=" ">
    <subfield code="2">ddc</subfield>
    <subfield code="c">BK</subfield>
  </datafield>
  <datafield tag="949" ind1=" " ind2=" ">
    <subfield code="a">RC 985.04 D 13 / 2</subfield>
    <subfield code="w">DEWEY</subfield>
    <subfield code="c">1</subfield>
    <subfield code="i">17015</subfield>
    <subfield code="l">RC</subfield>
    <subfield code="m">BUL</subfield>
    <subfield code="r">0</subfield>
    <subfield code="s">Y</subfield>
    <subfield code="t">BOOK</subfield>
    <subfield code="u">2015-6-25</subfield>
    <subfield code="x">BIBLIOTECA</subfield>
    <subfield code="z">UNKNOWN</subfield>
    <subfield code="0">COMPRA</subfield>
    <subfield code="o">.CIRCNOTE. No olvidar cambiar la fecha de devoluci&#xF3;n!!!!!!!</subfield>
    <subfield code="o">.STAFF. Colecci&#xF3;n General</subfield>
  </datafield>
  <datafield tag="999" ind1=" " ind2=" ">
    <subfield code="c">42287</subfield>
    <subfield code="d">42287</subfield>
  </datafield>
  <datafield tag="980" ind1=" " ind2=" ">
    <subfield code="8">1</subfield>
    <subfield code="g">ALBERTO SANCHEZ Responsable de Automatizaci&#xF3;n</subfield>
  </datafield>
  <datafield tag="952" ind1=" " ind2=" ">
    <subfield code="r">2025-12-02 00:00:00</subfield>
    <subfield code="i">6</subfield>
    <subfield code="l">0</subfield>
    <subfield code="o">RC 985.04 D</subfield>
    <subfield code="p">17015</subfield>
    <subfield code="t">e1</subfield>
    <subfield code="w">2015-06-25</subfield>
    <subfield code="x">FACIHED</subfield>
    <subfield code="y">REF</subfield>
    <subfield code="1">0</subfield>
    <subfield code="2">ddc</subfield>
    <subfield code="3">t13, v2</subfield>
    <subfield code="5">0</subfield>
    <subfield code="7">1</subfield>
    <subfield code="8">REF</subfield>
    <subfield code="f">P14</subfield>
    <subfield code="a">BUL</subfield>
    <subfield code="b">BUL</subfield>
    <subfield code="c">REF</subfield>
    <subfield code="d">2015-06-25</subfield>
    <subfield code="e">COMPRA</subfield>
  </datafield>
</record>
